000 00311nam a2200133Ia 4500
005 20251222141907.0
008 251222s9999||||xx |||||||||||||| ||spa||
082 _a344.1/V47
100 _aVera Paredes, IsaĆ­as
245 0 _aCompendio Laboral:
250 _a2a.ed.
264 _bImpresores Surco
942 _cLIB
999 _c8252
_d8252